Indirect determination of weighted joint density (wJd) by empirical and fuzzy models: Supren (Eskisehir, Turkey) marbles

Podrobná bibliografia
Hlavní autori: Nefeslioglu, H.A (Author), Gokceoglu, C. (Author), Sonmez, H. (Author)
Médium: Článok
Jazyk:English
Témy:
Zdroj: 1. Engineering geology 1. 0013-7952 1. Roč. 85, č. 3-4 (jún 2006), s. 251-269
LEADER 01183nab#a2200361#ar4500
001 000079964
003 SVKKK
005 20060726111348.0
008 c2006 ne e eng
FMT
015 |a SNBRB2006/07-ccccc 
038 |a SVKKK 
040 |a SVKKK  |b slo  |e AACR2 
041 0 |a eng  |b eng 
044 |a ne  |c NL 
080 |a 519.673  |2 1997 
080 |a 551.245  |2 1997 
100 1 |a Nefeslioglu, H.A.  |4 aut 
242 1 0 |a Nepriame určovanie váženej puklinovej hustoty (wJd) empirickým modelom a modelom fuzzy: suprenské sliene (Eskisehir, Turecko) 
245 1 0 |a Indirect determination of weighted joint density (wJd) by empirical and fuzzy models: Supren (Eskisehir, Turkey) marbles  |c H.A. Nefeslioglu, C. Gokceoglu, H. Sonmez 
300 |b Obr., tab. 
504 |a Bibliogr. odkazy 
504 |a Res. angl. 
650 0 4 |a diskontinuity hornín  |x hustota puklinová vážená  |x zvetrávanie  |x modelovanie 
700 1 |a Gokceoglu, C.  |4 aut 
700 1 |a Sonmez, H.  |4 aut 
773 0 |t Engineering geology  |x 0013-7952  |g Roč. 85, č. 3-4 (jún 2006), s. 251-269 
958 |a NB 
992 |a RBX 
BAS
852 |a SVKKK  |b BIB 
EXP
998 |a GEO